[Event "ODEM U14 2010"]
[Site "Oberhof GER"]
[Date "2010.05.29"]
[Round "7"]
[White "Hansch, Karsten"]
[Black "Tran, Khoa Anh Le"]
[Result "1/2-1/2"]
[Termination "normal"]
[Board "1"]
[WhiteElo "1885"]
[BlackElo "1588"]
[PlyCount "79"]
[WhiteFideId "24692239"]
[EventCountry "GER"]
[EventRounds "7"]
[EventType "swiss"]
[EventDate "2010.05.22"]

1. d4 Nf6 2. c4 e6 3. Nf3 b6 4. Nc3 Bb4 5. Qc2 Bb7 6. e3 O-O 7. Bd3 d5 8. a3
Bxc3+ 9. bxc3 Nbd7 10. cxd5 exd5 11. O-O h6 12. Nd2 c5 13. Bb2 cxd4 14. cxd4
Re8 15. Rac1 Rc8 16. Qa4 Rxc1 17. Rxc1 Qa8 18. Bb5 Rd8 19. Ba6 Rc8 20. Bc3 Rc7
21. Nb3 Bxa6 22. Qxa6 Qc8 23. Qxc8+ Rxc8 24. Bb4 Rxc1+ 25. Nxc1 Ne8 26. Kf1 f5
27. Nd3 g5 28. Ke2 Kf7 29. Kd1 Ke6 30. Kc2 Nd6 31. Kb3 a6 32. h4 Nc4 33. hxg5
hxg5 34. Bc3 Nd6 35. f3 Nc4 36. e4 fxe4 37. fxe4 Ne3 38. Bd2 Nxg2 39. exd5+
Kxd5 40. Bxg5 1/2-1/2

[Event "ODEM U14 2010"]
[Site "Oberhof GER"]
[Date "2010.05.29"]
[Round "7"]
[White "Nobis, Philipp"]
[Black "Kempe, Markus"]
[Result "0-1"]
[Termination "normal"]
[Board "2"]
[WhiteElo "1515"]
[BlackElo "1397"]
[PlyCount "91"]
[WhiteFideId "24602183"]
[BlackFideId "24692638"]
[EventCountry "GER"]
[EventRounds "7"]
[EventType "swiss"]
[EventDate "2010.05.22"]

1. c4 c5 2. g3 g6 3. Bg2 Bg7 4. Nc3 Nc6 5. Nf3 d6 6. O-O Nf6 7. d3 O-O 8. h3
Ne8 9. Bd2 Nc7 10. a3 a5 11. Qc1 Rb8 12. Ne1 Bd7 13. a4 Nd4 14. Ra3 Bc6 15. e4
Nce6 16. Nc2 Qd7 17. Qd1 Nxc2 18. Qxc2 Nd4 19. Qd1 f5 20. Nb5 b6 21. Nxd4 Bxd4
22. b3 Ba8 23. Bh6 Rf7 24. exf5 Qxf5 25. Be3 Bxg2 26. Kxg2 Qe5 27. Bxd4 Qxd4
28. Ra2 Rbf8 29. f4 e5 30. Raf2 exf4 31. Qg4 Qxd3 32. Rxf4 Rxf4 33. Rxf4 Qd2+
34. Kf3 Rxf4+ 35. Qxf4 Qxf4+ 36. Kxf4 Kf7 37. g4 h6 38. Ke4 Ke6 39. h4 h5 40.
g5 Ke7 41. Ke3 Kd7 42. Kf4 Kc7 43. Ke3 Kd7 44. Kf3 Ke6 45. Ke4 Ke7 46. Ke3 0-1

[Event "ODEM U14 2010"]
[Site "Oberhof GER"]
[Date "2010.05.29"]
[Round "7"]
[White "Mann, Jonas"]
[Black "Hansch, Stephan"]
[Result "0-1"]
[Termination "normal"]
[Board "3"]
[WhiteElo "1288"]
[BlackElo "1832"]
[PlyCount "74"]
[WhiteFideId "12900214"]
[EventCountry "GER"]
[EventRounds "7"]
[EventType "swiss"]
[EventDate "2010.05.22"]

1. Nc3 c5 2. e4 Nc6 3. f4 g6 4. Bc4 e6 5. Nf3 Bg7 6. d3 Nge7 7. O-O O-O 8. Qe1
d5 9. Bb3 a5 10. a4 Nd4 11. Nxd4 cxd4 12. Ne2 dxe4 13. dxe4 b6 14. g4 Ba6 15.
f5 d3 16. Ng3 Bd4+ 17. Be3 dxc2 18. Bxd4 Qxd4+ 19. Rf2 exf5 20. gxf5 Rac8 21.
Qc1 Rc6 22. Kg2 Bd3 23. Rf4 Nc8 24. Bd5 Rf6 25. Rg4 Nd6 26. h3 Kh8 27. Qh6 Rg8
28. Qg5 Qxb2 29. Rc1 Qd4 30. Nh5 Bxe4+ 31. Bxe4 Nxe4 32. Nxf6 Qf2+ 33. Kh1 Nxg5
34. Nxg8 Qf3+ 35. Rg2 Kxg8 36. Rcxc2 Qxh3+ 37. Kg1 Qxf5 0-1

[Event "ODEM U14 2010"]
[Site "Oberhof GER"]
[Date "2010.05.29"]
[Round "7"]
[White "Voggenreiter, Simon"]
[Black "Bauer, Lukas"]
[Result "1-0"]
[Termination "normal"]
[Board "4"]
[WhiteElo "1738"]
[BlackElo "1272"]
[PlyCount "103"]
[WhiteFideId "24615501"]
[BlackFideId "12907715"]
[EventCountry "GER"]
[EventRounds "7"]
[EventType "swiss"]
[EventDate "2010.05.22"]

1. e4 d5 2. exd5 Nf6 3. d4 Nxd5 4. c4 Nf6 5. Nc3 Bf5 6. Nf3 e6 7. Be2 Be7 8.
O-O O-O 9. h3 Nc6 10. Be3 Nb4 11. a3 Na6 12. Nh4 Be4 13. f3 Bc6 14. f4 Ne4 15.
Nxe4 Bxh4 16. Nd2 Bf6 17. Nf3 Bxf3 18. Bxf3 c6 19. Ra2 Nc7 20. b3 Qd7 21. Rd2
Rab8 22. d5 exd5 23. cxd5 cxd5 24. Bxd5 Nxd5 25. Rxd5 Qe6 26. Bxa7 Ra8 27. Bc5
Rfc8 28. Re1 Qc6 29. Bb4 Qb6+ 30. Kh2 Qf2 31. Rf1 Qe3 32. Rf3 Qe4 33. Qd3 Qxd3
34. Rfxd3 h6 35. Rd7 Bb2 36. a4 Bc1 37. Kg3 b6 38. Rb7 Rd8 39. Rdd7 Rxd7 40.
Rxd7 Re8 41. Rd3 Re4 42. Bd6 Kh7 43. Kf3 Re6 44. Bb4 Rf6 45. Bd2 Bxd2 46. Rxd2
g5 47. Rd4 Kg7 48. Kg3 gxf4+ 49. Rxf4 Rc6 50. Rb4 f5 51. Kf4 Kf6 52. Rb5 1-0

[Event "ODEM U14 2010"]
[Site "Oberhof GER"]
[Date "2010.05.29"]
[Round "7"]
[White "Edel, Fenja"]
[Black "Halas, Lena"]
[Result "0-1"]
[Termination "normal"]
[Board "5"]
[WhiteElo "1511"]
[BlackElo "1434"]
[PlyCount "58"]
[WhiteFideId "24696749"]
[BlackFideId "12931799"]
[EventCountry "GER"]
[EventRounds "7"]
[EventType "swiss"]
[EventDate "2010.05.22"]

1. e4 c6 2. d4 d5 3. exd5 cxd5 4. c3 Bf5 5. Bd3 Bxd3 6. Qxd3 Nd7 7. Bf4 Qb6 8.
Qc2 Ngf6 9. Nf3 e6 10. O-O Be7 11. Nbd2 O-O 12. Rfe1 Nh5 13. Be3 Bd6 14. Nb3
Qc7 15. Qe2 Nf4 16. Bxf4 Bxf4 17. g3 Bd6 18. Rac1 Nb6 19. Qd3 h6 20. Nbd2 Rac8
21. Ne5 a5 22. b3 Bxe5 23. dxe5 a4 24. c4 axb3 25. cxd5 Qxc1 26. Rxc1 Rxc1+ 27.
Kg2 bxa2 28. Qa3 a1=Q 29. Qxa1 Rxa1 0-1

[Event "ODEM U14 2010"]
[Site "Oberhof GER"]
[Date "2010.05.29"]
[Round "7"]
[White "Martin, Raphael"]
[Black "Ewert, Paul"]
[Result "0-1"]
[Termination "normal"]
[Board "6"]
[WhiteElo "1237"]
[BlackElo "1519"]
[PlyCount "116"]
[WhiteFideId "12952036"]
[EventCountry "GER"]
[EventRounds "7"]
[EventType "swiss"]
[EventDate "2010.05.22"]

1. e4 e5 2. Nf3 Nc6 3. d4 exd4 4. Bc4 Bc5 5. c3 d3 6. b4 Bb6 7. O-O Nge7 8. Qb3
O-O 9. Ng5 Ne5 10. Bf4 N7g6 11. Bxe5 Nxe5 12. Nh3 d6 13. Nf4 Qg5 14. g3 Qg4 15.
Nd2 Nf3+ 16. Nxf3 Qxf3 17. Qd1 Qxe4 18. Qxd3 Qxd3 19. Bxd3 Be6 20. Rfe1 Rfe8
21. Nxe6 fxe6 22. Re2 e5 23. Rae1 Rf8 24. a4 a5 25. b5 g6 26. Bc4+ Kg7 27. Bd5
Rab8 28. Kg2 c6 29. bxc6 bxc6 30. Bf3 Ba7 31. Bxc6 Rbc8 32. Bb5 Rxc3 33. Rd1
Bd4 34. Rdd2 Rfc8 35. f4 Rc1 36. fxe5 dxe5 37. Kf3 R8c3+ 38. Ke4 Rb1 39. Kd5
Rb4 40. Rb2 Rc5+ 41. Kd6 Rcxb5 42. axb5 Bxb2 43. Kc6 Bd4 44. Ra2 a4 45. Kd6 e4
46. Re2 e3 47. Kd5 a3 48. Ke4 Rb2 49. Re1 a2 50. Ra1 Rd2 51. Kf3 Bxa1 52. Kxe3
Bc3 53. b6 a1=Q 54. b7 Qa7+ 55. Ke4 Qxb7+ 56. Kf4 Qf7+ 57. Kg4 Qf5+ 58. Kh4
Bf6# 0-1

[Event "ODEM U14 2010"]
[Site "Oberhof GER"]
[Date "2010.05.29"]
[Round "7"]
[White "Bosse, Lea"]
[Black "Peters, Florian"]
[Result "0-1"]
[Termination "normal"]
[Board "7"]
[WhiteElo "1450"]
[BlackElo "1248"]
[PlyCount "114"]
[WhiteFideId "12900419"]
[BlackFideId "12952028"]
[EventCountry "GER"]
[EventRounds "7"]
[EventType "swiss"]
[EventDate "2010.05.22"]

1. e4 e5 2. Nf3 Nc6 3. Bc4 Bc5 4. d4 Bxd4 5. Nxd4 Nxd4 6. O-O Nf6 7. f4 d6 8.
fxe5 dxe5 9. Bg5 Qe7 10. c3 Ne6 11. Bxe6 Bxe6 12. Qf3 O-O-O 13. Bxf6 gxf6 14.
Qf2 Kb8 15. Na3 a6 16. Nc2 Rd6 17. Qxf6 Qxf6 18. Rxf6 Rhd8 19. b3 Rd2 20. Rc1
Re2 21. Ne1 Rxe4 22. Rf2 Bg4 23. Nf3 Bh5 24. Ng5 Re2 25. Rxe2 Bxe2 26. Nxf7 Re8
27. Re1 Bh5 28. Rxe5 Bxf7 29. Rxe8+ Bxe8 30. Kf2 Ka7 31. Ke3 Bg6 32. Kd4 Kb6
33. g4 Bb1 34. a4 Bc2 35. Kc4 h6 36. h4 Bd1 37. g5 hxg5 38. hxg5 Bc2 39. Kb4
c5+ 40. Kc4 Kc6 41. a5 Be4 42. b4 Bd5+ 43. Kd3 cxb4 44. cxb4 Kb5 45. Kc3 Bf7
46. Kc2 Kxb4 47. Kb2 Kxa5 48. Ka3 b5 49. Kb2 Kb4 50. Kc2 a5 51. Kb2 a4 52. Kb1
Ka3 53. Ka1 b4 54. g6 Be6 55. g7 Kb3 56. Kb1 Kc3 57. Ka1 b3 0-1

[Event "ODEM U14 2010"]
[Site "Oberhof GER"]
[Date "2010.05.29"]
[Round "7"]
[White "Siegl, Melina"]
[Black "Wierzbicki, Jirawat"]
[Result "1-0"]
[Termination "normal"]
[Board "8"]
[WhiteElo "1404"]
[BlackElo "1428"]
[PlyCount "49"]
[WhiteFideId "1272126"]
[BlackFideId "1153579"]
[EventCountry "GER"]
[EventRounds "7"]
[EventType "swiss"]
[EventDate "2010.05.22"]

1. e4 c5 2. Nf3 d6 3. d4 cxd4 4. Nxd4 Nf6 5. Nc3 g6 6. Bg5 Bg7 7. Bc4 O-O 8.
Qd2 Re8 9. O-O-O Nc6 10. Nb3 a6 11. a3 Na5 12. Nxa5 Qxa5 13. Rhe1 b5 14. Bb3
Rb8 15. h3 Nd7 16. Nd5 Qxd2+ 17. Rxd2 f6 18. Nxf6+ Kh8 19. Nxe8 Bf8 20. Nc7 Nc5
21. Ba2 Bg7 22. Bxe7 Bh6 23. Bf6+ Bg7 24. Bxg7+ Kxg7 25. Ne8+ 1-0

[Event "ODEM U14 2010"]
[Site "Oberhof GER"]
[Date "2010.05.29"]
[Round "7"]
[White "Mikeler, Marcel"]
[Black "Herbrig, Marie-Helén"]
[Result "1-0"]
[Termination "normal"]
[Board "9"]
[WhiteElo "1180"]
[BlackElo "1368"]
[PlyCount "213"]
[WhiteFideId "12927856"]
[BlackFideId "12900427"]
[EventCountry "GER"]
[EventRounds "7"]
[EventType "swiss"]
[EventDate "2010.05.22"]

1. d4 d5 2. c4 e5 3. dxe5 d4 4. Nf3 Nc6 5. Bg5 Bb4+ 6. Nbd2 Nge7 7. a3 h6 8.
Bxe7 Bxe7 9. g3 a5 10. b3 Bf5 11. Bg2 O-O 12. O-O Re8 13. Re1 Bc5 14. Nh4 Bd7
15. Nhf3 Rb8 16. Ne4 Ba7 17. Rc1 Bf5 18. Ned2 Nxe5 19. Nxe5 Rxe5 20. Nf3 Re7
21. c5 Rd7 22. Ne5 Re7 23. Nf3 d3 24. exd3 Rxe1+ 25. Qxe1 Qxd3 26. Qxa5 Qa6 27.
Qxa6 bxa6 28. b4 Re8 29. Nd4 Bg6 30. Bf3 Bd3 31. Rd1 Bc4 32. Nc6 Bb8 33. Rd8
Rxd8 34. Nxd8 Bb5 35. Bc6 Bc4 36. Be4 c6 37. Nxc6 Bc7 38. Kg2 Kf8 39. Kf3 Ke8
40. Ke3 Kd7 41. Kd4 Bb5 42. Ne5+ Ke7 43. Bd5 f6 44. Ng6+ Kd7 45. Nf8+ Ke8 46.
Ne6 Be5+ 47. Ke4 g6 48. Nd4 Bf1 49. Bb3 Kf8 50. f4 Bg2+ 51. Ke3 Bb8 52. c6 Ke7
53. Bc4 a5 54. b5 Bc7 55. Kd3 Bh3 56. a4 Kd6 57. Nb3 Bb6 58. Nd4 Kc5 59. Kc3
Kd6 60. Bf7 g5 61. fxg5 hxg5 62. Bb3 Ke5 63. Nf3+ Kf5 64. Kd3 Bf1+ 65. Kd2 Kg4
66. Ng1 Kf5 67. Bc2+ Ke6 68. Ne2 Ke5 69. Bb1 Bh3 70. Nc3 f5 71. Ne2 f4 72.
gxf4+ gxf4 73. Bd3 f3 74. Nc3 f2 75. Nd1 f1=Q 76. Bxf1 Bxf1 77. h4 Kf6 78. Ne3
Kg6 79. Nxf1 Kh5 80. Kd3 Kxh4 81. Ke4 Bc7 82. Kd5 Kg5 83. Ke6 Kf4 84. Kd7 Bb6
85. c7 Bxc7 86. Kxc7 Ke4 87. Ne3 Kd4 88. b6 Kxe3 89. b7 Kd4 90. b8=Q Kd5 91.
Qb5+ Kd4 92. Qxa5 Kc4 93. Qb5+ Kd4 94. Kc6 Kc3 95. a5 Kd4 96. a6 Kc3 97. a7 Kd4
98. a8=R Kc3 99. Kb7 Kd4 100. Rc8 Ke4 101. Qd7 Ke5 102. Re8+ Kf6 103. Qe7+ Kf5
104. Rf8+ Kg6 105. Rf1 Kh6 106. Qe2 Kg6 107. Qg2+ 1-0

[Event "ODEM U14 2010"]
[Site "Oberhof GER"]
[Date "2010.05.29"]
[Round "7"]
[White "Wegmann, Sven"]
[Black "Thole, Ann-Christin"]
[Result "1-0"]
[Termination "normal"]
[Board "10"]
[WhiteElo "1354"]
[BlackElo "1142"]
[PlyCount "49"]
[WhiteFideId "1270756"]
[BlackFideId "12907529"]
[EventCountry "GER"]
[EventRounds "7"]
[EventType "swiss"]
[EventDate "2010.05.22"]

1. e4 c5 2. Nf3 e6 3. d4 cxd4 4. Nxd4 Nf6 5. Nc3 Nc6 6. Be3 Bb4 7. Bd3 Qa5 8.
Nxc6 Bxc3+ 9. bxc3 Qxc3+ 10. Bd2 Qxc6 11. Qe2 O-O 12. O-O b6 13. e5 Bb7 14. f4
Ne4 15. Bb4 Rfc8 16. Rae1 Nc5 17. Bxc5 Qxc5+ 18. Kh1 Qd5 19. f5 h5 20. Rf2 Qd4
21. Ref1 Qg4 22. fxe6 Qxe6 23. Qxh5 Qh6 24. Qxf7+ Kh8 25. Qf8+ 1-0

[Event "ODEM U14 2010"]
[Site "Oberhof GER"]
[Date "2010.05.29"]
[Round "7"]
[White "Werner, Justus"]
[Black "Leyrer, Thomas"]
[Result "1/2-1/2"]
[Termination "normal"]
[Board "11"]
[WhiteElo "1299"]
[BlackElo "1138"]
[PlyCount "73"]
[WhiteFideId "12941107"]
[BlackFideId "12908274"]
[EventCountry "GER"]
[EventRounds "7"]
[EventType "swiss"]
[EventDate "2010.05.22"]

1. e4 e5 2. Nf3 Nc6 3. Nc3 Nf6 4. Bb5 Bc5 5. O-O d6 6. d3 Bd7 7. Bg5 a6 8. Bxc6
Bxc6 9. Qd2 h6 10. Bh4 Bb4 11. a3 Ba5 12. b4 Bb6 13. Rfe1 Rg8 14. d4 exd4 15.
Nxd4 g5 16. Nxc6 bxc6 17. Bg3 Kf8 18. Rad1 Kg7 19. Kh1 Nh5 20. f4 gxf4 21. Bxf4
Nxf4 22. Qxf4 Qg5 23. Qxg5+ hxg5 24. e5 Rad8 25. Ne4 dxe5 26. Rxd8 Rxd8 27.
Nxg5 Bf2 28. Rf1 Kg6 29. Nf3 Bd4 30. Nxd4 Rxd4 31. h3 Rc4 32. Re1 f6 33. Re2
Rc3 34. a4 Rc4 35. b5 cxb5 36. axb5 axb5 37. g4 1/2-1/2

[Event "ODEM U14 2010"]
[Site "Oberhof GER"]
[Date "2010.05.29"]
[Round "7"]
[White "Hesse, Henrik"]
[Black "Bach, Marc-Andre"]
[Result "0-1"]
[Termination "normal"]
[Board "12"]
[WhiteElo "1113"]
[BlackElo "1298"]
[PlyCount "116"]
[WhiteFideId "12952060"]
[BlackFideId "1270773"]
[EventCountry "GER"]
[EventRounds "7"]
[EventType "swiss"]
[EventDate "2010.05.22"]

1. e4 d5 2. exd5 Nf6 3. d4 Nxd5 4. c4 Nf6 5. Nf3 Bg4 6. Be2 e6 7. O-O Nc6 8.
Be3 Bd6 9. Nc3 O-O 10. Re1 Re8 11. Qb3 Rb8 12. c5 Be7 13. Rad1 Nd5 14. Nxd5
exd5 15. Qc3 Bf6 16. b4 Ne7 17. h3 Bf5 18. Bf4 Rc8 19. a4 c6 20. Bd6 Ng6 21. a5
a6 22. Bd3 Qd7 23. Qc2 Bxd3 24. Qxd3 Be7 25. Bg3 Bf6 26. Re3 Rxe3 27. Qxe3 Re8
28. Qd3 Re4 29. Re1 Rxe1+ 30. Nxe1 Qe6 31. Qe3 Bxd4 32. Qxd4 Qxe1+ 33. Kh2 Qe4
34. Qe3 Qxe3 35. fxe3 Kf8 36. Bd6+ Ke8 37. Kg3 Kd7 38. Kg4 Ke6 39. Kf3 Ne5+ 40.
Bxe5 Kxe5 41. Ke2 Ke4 42. Kd2 d4 43. Ke2 dxe3 44. g3 Kd4 45. g4 g5 46. Ke1 Kd3
47. Kd1 e2+ 48. Ke1 f6 49. b5 axb5 50. Kf2 Kd2 51. Kg1 e1=Q+ 52. Kg2 Qe4+ 53.
Kg3 Qf4+ 54. Kg2 Ke2 55. h4 Qf3+ 56. Kh2 Qxg4 57. Kh1 Kf2 58. hxg5 Qg2# 0-1

[Event "ODEM U14 2010"]
[Site "Oberhof GER"]
[Date "2010.05.29"]
[Round "7"]
[White "Strauch, Nicholas"]
[Black "Schnabel, Bennett"]
[Result "1/2-1/2"]
[Termination "normal"]
[Board "13"]
[WhiteElo "1231"]
[BlackElo "1043"]
[PlyCount "29"]
[BlackFideId "12943290"]
[EventCountry "GER"]
[EventRounds "7"]
[EventType "swiss"]
[EventDate "2010.05.22"]

1. e4 e5 2. Nf3 Nc6 3. d4 exd4 4. Nxd4 Nxd4 5. Qxd4 d6 6. Bc4 Nf6 7. Nc3 Be7 8.
O-O O-O 9. Bf4 a6 10. a4 Bg4 11. Rfe1 Bh5 12. Re3 Nd7 13. Nd5 Bg6 14. c3 Bf6
15. Nxf6+ 1/2-1/2

[Event "ODEM U14 2010"]
[Site "Oberhof GER"]
[Date "2010.05.29"]
[Round "7"]
[White "Schirra, Maurice"]
[Black "Schramm, Moritz"]
[Result "1-0"]
[Termination "normal"]
[Board "14"]
[WhiteElo "1127"]
[BlackElo "1173"]
[PlyCount "163"]
[WhiteFideId "12941115"]
[BlackFideId "12923508"]
[EventCountry "GER"]
[EventRounds "7"]
[EventType "swiss"]
[EventDate "2010.05.22"]

1. e4 c5 2. Nf3 d6 3. d4 cxd4 4. Nxd4 Nf6 5. Nc3 a6 6. Bc4 e6 7. Bb3 b5 8. a3
Bb7 9. Bg5 Nbd7 10. O-O Nc5 11. Re1 Nxb3 12. cxb3 Be7 13. Bxf6 Bxf6 14. Nde2
O-O 15. Ng3 Qc7 16. Rc1 Qd7 17. Qg4 Kh8 18. Rcd1 Rac8 19. e5 Qc6 20. Nh5 dxe5
21. Ne4 Rg8 22. Nd6 Rc7 23. Nxb7 Rxb7 24. Rc1 Qd5 25. Rc3 Rd7 26. Rg3 Qd2 27.
Rf1 Qh6 28. Rh3 Qg5 29. Qe4 Qf5 30. Qc6 Ra7 31. Qb6 Rga8 32. Rc1 Rd7 33. Rhc3
Rad8 34. Rc8 Qd3 35. h3 h6 36. Nxf6 gxf6 37. Rxd8+ Rxd8 38. Rc3 Qd1+ 39. Kh2
Qd7 40. Qxa6 e4 41. a4 b4 42. Rc4 Qd6+ 43. Qxd6 Rxd6 44. Rxe4 Rd2 45. Rxb4 Rxb2
46. Kg3 Kg7 47. a5 Ra2 48. Ra4 Rb2 49. a6 Rxb3+ 50. Kf4 e5+ 51. Ke4 Rb8 52. a7
Ra8 53. Kd5 Kf8 54. Kc6 Ke7 55. Kb7 Rd8 56. a8=Q Rd7+ 57. Kb6 Rd6+ 58. Qc6
Rxc6+ 59. Kxc6 Ke6 60. Rh4 f5 61. Rxh6+ f6 62. Rg6 f4 63. f3 Kf5 64. Rg4 Ke6
65. h4 f5 66. Rg8 e4 67. Re8+ Kf7 68. Rxe4 fxe4 69. fxe4 Kg6 70. Kd6 Kh5 71. e5
Kxh4 72. e6 Kg3 73. e7 Kxg2 74. e8=Q f3 75. Qg6+ Kf2 76. Ke5 Ke2 77. Qe4+ Kf2
78. Kf4 Kg2 79. Qxf3+ Kg1 80. Qe2 Kh1 81. Kg3 Kg1 82. Qe1# 1-0

[Event "ODEM U14 2010"]
[Site "Oberhof GER"]
[Date "2010.05.29"]
[Round "7"]
[White "Titgemeyer, Eva Maria"]
[Black "Glase, Johan"]
[Result "1-0"]
[Termination "normal"]
[Board "15"]
[WhiteElo "1039"]
[BlackElo "1068"]
[PlyCount "83"]
[WhiteFideId "24655350"]
[EventCountry "GER"]
[EventRounds "7"]
[EventType "swiss"]
[EventDate "2010.05.22"]

1. e4 e5 2. Nf3 Nc6 3. Bc4 Nf6 4. Ng5 d5 5. exd5 b5 6. Bf1 Qxd5 7. Nc3 Qd7 8.
Bxb5 h6 9. Nf3 Bb7 10. Nxe5 Qe6 11. d4 O-O-O 12. Bxc6 Bxc6 13. O-O Bb7 14. Be3
Bd6 15. Nf3 Ng4 16. Re1 Qg6 17. d5 Nxe3 18. Rxe3 Kb8 19. Qd3 Qh5 20. Qd4 g5 21.
h3 c6 22. Rd1 Qg6 23. Ne5 c5 24. Nxg6 cxd4 25. Nxh8 dxe3 26. Nxf7 exf2+ 27. Kf1
Ba6+ 28. Rd3 Bxd3+ 29. cxd3 Rd7 30. Nxh6 Bc5 31. Ng4 Re7 32. Ne4 Bd4 33. b3 Kb7
34. Ngxf2 Bxf2 35. Kxf2 Kc7 36. d6+ Kd7 37. dxe7 Kxe7 38. Nxg5 Kf6 39. h4 Kg6
40. d4 Kh5 41. g3 Kg4 42. d5 1-0

[Event "ODEM U14 2010"]
[Site "Oberhof GER"]
[Date "2010.05.29"]
[Round "7"]
[White "Döpper, Anna Berenice"]
[Black "Henke, Georg"]
[Result "1-0"]
[Termination "normal"]
[Board "16"]
[WhiteElo "1001"]
[BlackElo "1176"]
[PlyCount "93"]
[WhiteFideId "1271853"]
[BlackFideId "24693936"]
[EventCountry "GER"]
[EventRounds "7"]
[EventType "swiss"]
[EventDate "2010.05.22"]

1. e4 c5 2. c3 d6 3. d4 cxd4 4. cxd4 Nc6 5. Nf3 Nf6 6. Nc3 g6 7. Bc4 Bg7 8. O-O
O-O 9. Bf4 Bd7 10. Qd2 Rc8 11. Bh6 Nxd4 12. Bxf7+ Rxf7 13. Nxd4 Rf8 14. Rfe1
Ng4 15. Bxg7 Kxg7 16. Nf3 Nf6 17. Rad1 Bg4 18. Qe3 Qd7 19. h3 Be6 20. e5 Rcd8
21. exf6+ Rxf6 22. Ng5 Bf7 23. Qxe7 Qxe7 24. Rxe7 h6 25. Nxf7 Rxf7 26. Rxf7+
Kxf7 27. Nb5 a6 28. Rxd6 Re8 29. Nc3 Re6 30. Rxe6 Kxe6 31. Kf1 b5 32. Ke2 Ke5
33. Ke3 g5 34. g3 h5 35. f4+ Kf5 36. fxg5 Kxg5 37. Kf3 b4 38. Nd5 a5 39. h4+
Kf5 40. Ne3+ Kg6 41. Nc4 a4 42. Nb6 a3 43. bxa3 bxa3 44. Nc4 Kf5 45. Nxa3 Kg6
46. Nc4 Kf6 47. a4 1-0

[Event "ODEM U14 2010"]
[Site "Oberhof GER"]
[Date "2010.05.29"]
[Round "7"]
[White "Triantafillidis, Zoe"]
[Black "Dopmann, Sina"]
[Result "1-0"]
[Termination "normal"]
[Board "17"]
[WhiteElo "1044"]
[BlackElo "1108"]
[PlyCount "109"]
[WhiteFideId "12900150"]
[EventCountry "GER"]
[EventRounds "7"]
[EventType "swiss"]
[EventDate "2010.05.22"]

1. e4 e5 2. Nf3 d6 3. d4 Nd7 4. Bc4 Be7 5. Nc3 Ngf6 6. Be3 O-O 7. Qd2 c6 8. Bb3
Qc7 9. O-O-O b5 10. h4 a5 11. dxe5 dxe5 12. a3 b4 13. axb4 axb4 14. Na2 Nxe4
15. Qd3 Nef6 16. Rde1 e4 17. Qd1 exf3 18. Qxf3 Bb7 19. Bf4 Bd6 20. Bxd6 Qxd6
21. Rd1 Qc7 22. Rh3 c5 23. Qg3 Qxg3 24. Rxg3 Rfe8 25. c3 bxc3 26. Nxc3 Ra1+ 27.
Kc2 Rxd1 28. Kxd1 Ne4 29. Nxe4 Rxe4 30. Kd2 Ba6 31. Kc3 h6 32. Rf3 Ne5 33. Rf5
Bc8 34. Bxf7+ Nxf7 35. Rxc5 Be6 36. b4 Re1 37. b5 Rc1+ 38. Kb4 Rb1+ 39. Ka5
Ra1+ 40. Kb6 Ra8 41. Kb7 Re8 42. b6 Nd6+ 43. Kc7 Nf7 44. Kb7 Re7+ 45. Ka6 Bg4
46. f3 Be6 47. b7 Re8 48. Rc6 Bd7 49. Rc7 Ne5 50. f4 Nc6 51. Kb6 Nb8 52. g3
Re6+ 53. Ka7 Nc6+ 54. Rxc6 Re8 55. Rb6 1-0

[Event "ODEM U14 2010"]
[Site "Oberhof GER"]
[Date "2010.05.29"]
[Round "7"]
[White "Dittrich, Tom"]
[Black "Holstein, David"]
[Result "0-1"]
[Termination "normal"]
[Board "18"]
[WhiteElo "1074"]
[BlackElo "997"]
[PlyCount "60"]
[WhiteFideId "12923532"]
[EventCountry "GER"]
[EventRounds "7"]
[EventType "swiss"]
[EventDate "2010.05.22"]

1. Nc3 d5 2. e4 d4 3. Nce2 e5 4. Ng3 Nf6 5. Bc4 Nc6 6. d3 Qd6 7. Bd2 Be6 8.
Bxe6 Qxe6 9. N1e2 h5 10. Nf5 O-O-O 11. h4 g6 12. Nfg3 Bc5 13. O-O Be7 14. Bg5
Ng4 15. Bxe7 Qxe7 16. f3 Ne3 17. Qd2 Nxf1 18. Rxf1 Qxh4 19. c3 f6 20. Kf2 Qg5
21. Qc2 Qe3+ 22. Ke1 dxc3 23. bxc3 Rxd3 24. Rh1 Rhd8 25. Nf1 Rd1+ 26. Qxd1
Rxd1+ 27. Kxd1 Qd3+ 28. Ke1 Qb1+ 29. Kf2 Qxa2 30. Nfg3 a5 0-1

[Event "ODEM U14 2010"]
[Site "Oberhof GER"]
[Date "2010.05.29"]
[Round "7"]
[White "Scholz, Richard"]
[Black "Nabinger, Annalena"]
[Result "0-1"]
[Termination "normal"]
[Board "19"]
[WhiteElo "890"]
[BlackElo "1181"]
[PlyCount "110"]
[BlackFideId "12902225"]
[EventCountry "GER"]
[EventRounds "7"]
[EventType "swiss"]
[EventDate "2010.05.22"]

1. e4 e5 2. Nf3 Nc6 3. Bc4 Nf6 4. Ng5 d5 5. exd5 Na5 6. Be2 Qxd5 7. f3 e4 8. d3
exf3 9. Bxf3 Qe5+ 10. Qe2 Bd6 11. d4 Qxe2+ 12. Bxe2 Bf5 13. Bd2 Nc6 14. Bc4 O-O
15. d5 Ne7 16. Bb3 Ne4 17. Nxe4 Bxe4 18. Rg1 Bxh2 19. Rh1 Be5 20. Nc3 Bxg2 21.
Rg1 Bf3 22. Rf1 Bg3+ 23. Rf2 Bxf2+ 24. Kxf2 Bh5 25. Bg5 Rfe8 26. Bxe7 Rxe7 27.
Rh1 Bg6 28. Re1 Rxe1 29. Kxe1 Re8+ 30. Ne2 Bh5 31. Bc4 Bxe2 32. Bxe2 Re5 33. c4
h5 34. Kf2 h4 35. Bg4 Re4 36. Be2 h3 37. b3 h2 38. Kg2 Rxe2+ 39. Kh1 Rxa2 40.
c5 f5 41. b4 f4 42. d6 cxd6 43. c6 bxc6 44. b5 Ra1+ 45. Kxh2 cxb5 46. Kg2 Ra3
47. Kf2 b4 48. Ke1 f3 49. Kd1 f2 50. Ke2 f1=Q+ 51. Kxf1 b3 52. Ke2 b2 53. Kf2
b1=Q 54. Ke2 Qb2+ 55. Kf1 Ra1# 0-1

[Event "ODEM U14 2010"]
[Site "Oberhof GER"]
[Date "2010.05.29"]
[Round "7"]
[White "Wegmann, Simon"]
[Black "Wenninger, Patrick"]
[Result "1-0"]
[Termination "normal"]
[Board "20"]
[WhiteElo "1134"]
[BlackElo "759"]
[PlyCount "73"]
[WhiteFideId "1270758"]
[BlackFideId "12927880"]
[EventCountry "GER"]
[EventRounds "7"]
[EventType "swiss"]
[EventDate "2010.05.22"]

1. e4 e5 2. Nf3 Nc6 3. d4 d6 4. d5 Nb8 5. Nc3 Bg4 6. Bd3 Nf6 7. Bg5 h6 8. Bh4
Be7 9. Qe2 O-O 10. h3 Bh5 11. g4 Bg6 12. O-O-O Nbd7 13. Nd2 Nc5 14. Bc4 a6 15.
f3 b5 16. Bxf6 Bxf6 17. Bd3 Nxd3+ 18. Qxd3 Qd7 19. Qf1 c5 20. dxc6 Qxc6 21. Nd5
Bd8 22. f4 f6 23. h4 Bf7 24. g5 h5 25. gxf6 Bxf6 26. Nxf6+ gxf6 27. fxe5 dxe5
28. Nb3 Bxb3 29. axb3 Qxe4 30. Kb1 Kf7 31. Rg1 Rad8 32. Re1 Qxh4 33. Rxe5 Rd6
34. Qf3 Rb8 35. Qf5 Rbb6 36. Qg6+ Kf8 37. Qg8# 1-0

[Event "ODEM U14 2010"]
[Site "Oberhof GER"]
[Date "2010.05.29"]
[Round "7"]
[White "Kravets, Nazar"]
[Black "Neumann, Tiemon"]
[Result "1-0"]
[Termination "normal"]
[Board "21"]
[WhiteElo "810"]
[BlackElo "1030"]
[PlyCount "119"]
[BlackFideId "12925462"]
[EventCountry "GER"]
[EventRounds "7"]
[EventType "swiss"]
[EventDate "2010.05.22"]

1. e4 e5 2. Nf3 Nc6 3. Bc4 Nf6 4. O-O Nxe4 5. d3 Nf6 6. Nc3 Bc5 7. Bg5 h6 8.
Bxf6 Qxf6 9. Re1 d6 10. Nd5 Qd8 11. d4 Nxd4 12. Nxd4 c6 13. Nc3 Qh4 14. Nce2
exd4 15. Nxd4+ Kf8 16. Qe2 Bd7 17. Qf3 d5 18. Bd3 Bxd4 19. g3 Qh3 20. Bg6 f6
21. c3 Bg4 22. Qf4 a6 23. cxd4 b6 24. Qd6+ Kg8 25. Qxc6 Rf8 26. Qxd5+ Be6 27.
Qxe6+ Qxe6 28. Rxe6 h5 29. Rae1 Rh6 30. Bd3 g5 31. Bc4 Kh8 32. Re8 Rxe8 33.
Rxe8+ Kg7 34. Re7+ Kh8 35. d5 Kg8 36. d6+ Kf8 37. Ra7 Ke8 38. Rxa6 f5 39. Rxb6
Kd7 40. a4 Rxd6 41. Rxd6+ Kxd6 42. b4 Kc6 43. b5+ Kb6 44. Bd3 f4 45. gxf4 gxf4
46. Kg2 h4 47. Kh3 f3 48. Kxh4 Ka5 49. Kg3 Kxa4 50. h4 Ka5 51. h5 Kb6 52. h6
Kc5 53. h7 Kd5 54. h8=Q Ke6 55. Qh6+ Kf7 56. b6 Ke7 57. b7 Kf7 58. b8=R Ke7 59.
Rb7+ Kd8 60. Qf8# 1-0